000 00764cam a2200265 4500500
005 20260405001239.0
041 _afre
042 _adc
100 1 0 _ade Oliveira, Victorine
_eauthor
245 0 0 _aLa vieillesse en face : les défis de la dépendance
260 _c2012.
500 _a33
690 _aÂge
690 _aCorine Pelluchon
690 _aDépendance
690 _aDignité
690 _aÉric Fiat
690 _aEuthanasie
690 _aMort
690 _aPierre-Henri Tavoillot
690 _aSolidarité
690 _aVieillesse
786 0 _nPhilosophie magazine | 56 | 2 | 2012-02-01 | p. 46-46 | 1951-1787
856 4 1 _uhttps://shs.cairn.info/magazine-philosophie-magazine-2012-2-page-46?lang=fr&redirect-ssocas=7080
999 _c2045541
_d2045541